<?xml version="1.0" encoding="UTF-8"?>
<record
    xmlns:xsi="http://www.w3.org/2001/XMLSchema-instance"
    xsi:schemaLocation="http://www.loc.gov/MARC21/slim http://www.loc.gov/standards/marcxml/schema/MARC21slim.xsd"
    xmlns="http://www.loc.gov/MARC21/slim">

  <leader>01032nam a22002297a 4500</leader>
  <controlfield tag="008">090204t        xxu||||| |||| 00| 0 eng d</controlfield>
  <datafield tag="010" ind1=" " ind2=" ">
    <subfield code="a">ENG-92847</subfield>
  </datafield>
  <datafield tag="020" ind1=" " ind2=" ">
    <subfield code="c">180.00</subfield>
    <subfield code="a">9788190761833</subfield>
  </datafield>
  <datafield tag="035" ind1=" " ind2=" ">
    <subfield code="a">EN-76380</subfield>
  </datafield>
  <datafield tag="037" ind1=" " ind2=" ">
    <subfield code="b">DBAD / PUB</subfield>
  </datafield>
  <datafield tag="040" ind1=" " ind2=" ">
    <subfield code="a">dpl</subfield>
    <subfield code="b">English </subfield>
  </datafield>
  <datafield tag="082" ind1=" " ind2=" ">
    <subfield code="a">307.76</subfield>
  </datafield>
  <datafield tag="100" ind1=" " ind2=" ">
    <subfield code="a">Gubendiran, K. </subfield>
  </datafield>
  <datafield tag="245" ind1=" " ind2=" ">
    <subfield code="a">The impact of urbanisation on environment in Chennai city /</subfield>
    <subfield code="c">by K. Gubendiran </subfield>
  </datafield>
  <datafield tag="260" ind1=" " ind2=" ">
    <subfield code="a">Chennai </subfield>
    <subfield code="b">Mukil Pathippagam </subfield>
    <subfield code="c">2008</subfield>
  </datafield>
  <datafield tag="270" ind1=" " ind2=" ">
    <subfield code="a">New No. 15, Old No. 93, J-Block, Welcome Street, MMDA Colony, Arumbakkam </subfield>
    <subfield code="b">Chennai </subfield>
    <subfield code="e">600106</subfield>
  </datafield>
  <datafield tag="300" ind1=" " ind2=" ">
    <subfield code="a">140p. </subfield>
    <subfield code="c">20cm (pbk) </subfield>
  </datafield>
  <datafield tag="500" ind1=" " ind2=" ">
    <subfield code="a">Includes bibliographicla references </subfield>
  </datafield>
  <datafield tag="942" ind1=" " ind2=" ">
    <subfield code="2">ddc</subfield>
    <subfield code="c">EN</subfield>
    <subfield code="m">GUB</subfield>
    <subfield code="h">307.76</subfield>
  </datafield>
  <datafield tag="999" ind1=" " ind2=" ">
    <subfield code="c">23014</subfield>
    <subfield code="d">23014</subfield>
  </datafield>
  <datafield tag="952" ind1=" " ind2=" ">
    <subfield code="0">0</subfield>
    <subfield code="1">0</subfield>
    <subfield code="2">ddc</subfield>
    <subfield code="4">0</subfield>
    <subfield code="7">1</subfield>
    <subfield code="8">NFIC</subfield>
    <subfield code="a">DBAD</subfield>
    <subfield code="b">DBAD</subfield>
    <subfield code="d">2009-02-04</subfield>
    <subfield code="e">DBAD / PUB</subfield>
    <subfield code="g">180.00</subfield>
    <subfield code="l">0</subfield>
    <subfield code="o">307.76 GUB</subfield>
    <subfield code="p">EN-76380</subfield>
    <subfield code="r">2009-02-04 00:00:00</subfield>
    <subfield code="t">1</subfield>
    <subfield code="v">180.00</subfield>
    <subfield code="w">2009-02-04</subfield>
    <subfield code="y">EN</subfield>
  </datafield>
  <datafield tag="952" ind1=" " ind2=" ">
    <subfield code="0">0</subfield>
    <subfield code="1">0</subfield>
    <subfield code="2">ddc</subfield>
    <subfield code="4">0</subfield>
    <subfield code="7">0</subfield>
    <subfield code="8">NFIC</subfield>
    <subfield code="a">VP</subfield>
    <subfield code="b">VP</subfield>
    <subfield code="d">2009-03-05</subfield>
    <subfield code="g">180.00</subfield>
    <subfield code="l">1</subfield>
    <subfield code="o">GUB</subfield>
    <subfield code="p">B-317765</subfield>
    <subfield code="r">2009-05-01 00:00:00</subfield>
    <subfield code="s">2009-04-22</subfield>
    <subfield code="t">1</subfield>
    <subfield code="v">180.00</subfield>
    <subfield code="w">2009-03-05</subfield>
    <subfield code="y">EN</subfield>
  </datafield>
</record>
